Ehemalige Währungen der Euro-Zone - Statistiken

Allgemein
  • Dieses Quiz wurde 144 mal gespielt
  • Das Durchschnittsergebnis liegt bei 15 aus 24
Antwortstatistiken
Land Währung % Korrekt
Deutschland (Deutsche) Mark
96%
Finnland (Finnische) Mark
96%
Italien (Italienische) Lira
81%
San Marino (Italienische) Lira
81%
Vatikanstadt (Italienische) Lira
81%
Malta (Maltesische) Lira
81%
Andorra (Französischer) Franc/Pesete
78%
Österreich Schilling
78%
Frankreich (Französischer) Franc
77%
Monaco (Französischer) Franc
77%
Luxemburg (Luxemburgischer) Franc
77%
Irland (Irisches) Pfund
73%
Zypern (Zypriotisches) Pfund
73%
Estland (Estnische) Krone
63%
Slowakei (Slowakische) Krone
63%
Niederlande Gulden
58%
Griechenland Drachme
57%
Spanien Pesete
48%
Kroatien Kuna
37%
Belgien (Belgischer) Franken
35%
Portugal Escudo
32%
Lettland Lat
19%
Litauen Lita
14%
Slowenien Tolar
13%
Keine übereinstimmenden Quizze gefunden
Verteilung der Resultate
Anzahl Personen mit jedem Resultat
Perzentil nach korrekt beantworteten Fragen
Ihre Resultats-Entwicklung
Sie haben dieses Quiz noch nicht gespielt